Geography Quiz

Random Geography or City Quiz
Score 0/12 Timer 00:30
3 Plays Today
% Correct
Alcatraz
92.9%
Golden
91.2%
Fisherman's
88.3%
Cable
83.6%
Pier
71.9%
Lombard
66.5%
Union
66.3%
Haight-
60.9%
Legion of
53.7%
Painted
53.5%
Telegraph
49.8%
Coit
43.1%

You're not logged in!

Compare scores with friends on all Sporcle quizzes.
OR
Log In

Sporcle TV

Today on Sporcle TV


Watch our educational content, quiz creation guides, and fun videos on Sporcle TV.

Show Comments

Extras

Top Quizzes Today


Score Distribution

Your Account Isn't Verified!

In order to create a playlist on Sporcle, you need to verify the email address you used during registration. Go to your Sporcle Settings to finish the process.

Report this User

Report this user for behavior that violates our Community Guidelines.

Details: